000 00945nas a2200289 4500
001 BR0705769
003 BR-BrBNA
005 20231205111201.0
007 ta
008 230509b bl.|||p| |||| 00| 00por d
040 _aBR-BrBNA
_bpor
_cBiblioteca Nacional de Agricultura
041 _a(Pt)
072 _aL40
100 1 _aAraujo, L.M. de
100 1 _aD' Angelino, J.L.
100 1 _aBirgel, E.H.
100 1 _aAraújo, W.P. de
100 1 _aReichmann, C.E.
245 1 _aInfluência da gestação e do puerpério sobre constituintes do sangue de bovinos da raça holandesa branca e preta
650 _aHEMATOLOGIA
650 _aBOVINO
650 _aPRENHEZ
650 _aGLOBULO VERMELHO
773 0 _tRevista da Faculdade de Medicina Veterinária e Zootecnia da Universidade de São Paulo (Brazil)
_xISSN 0303-7525
_g(1977), v. 14(1) p. 37-43
_wBR0705769
909 _a202311
_bLúcia
_c55
_dLúcia Elande
942 _2AGRIS
_n0
_cANA
999 _c191198
_d191198